| 000 | 01042cam a2200253 a 4500 | ||
|---|---|---|---|
| 005 | 20191224041729.0 | ||
| 008 | 021128s1999 ck ado r 01 00spa d | ||
| 020 | _a9586980057 | ||
| 040 |
_aCO-BoPUJ _cCO-BoIAVH _dCO-BoIAVH |
||
| 041 | 0 | _aspa | |
| 044 | _ack | ||
| 082 | 0 | 4 |
_a633.3 _bA39g |
| 100 | 1 |
_aAliaga Cárdenas, Rolando _eautor |
|
| 245 | 1 | 0 |
_aGuía para el cultivo, aprovechamiento y conservación de la maca _bLepidium meyenii walpers _cRolando Aliaga Cárdenas ; editado por Henry Yesid Bernal y Claudia Vallejo Londoño |
| 260 |
_aBogotá : _bConvenio Andrés Bello, _c1999.. |
||
| 300 |
_a50 páginas : _bilustraciones a color, diagramas, fotos y gráficos ; _c28 x 22 cm. |
||
| 504 | _aIncluye referencias bibliográficas. | ||
| 650 | 2 | 4 |
_aCultivo de la maca _vGuías |
| 650 | 2 | 6 |
_aCultivos alimenticios _zAmérica Latina |
| 650 | 2 | 6 | _aPlantas medicinales |
| 700 | 1 |
_aBernal Malagón, Henry Yesid, _eeditor |
|
| 700 | 1 |
_aVallejo Londoño, Claudia, _eeditora |
|
| 942 |
_2ddc _cLIBRO |
||
| 999 |
_c4227 _d4227 |
||